|
|
|
|
| LEADER |
00949nam a2200301 a 4500 |
| 001 |
000005766 |
| 003 |
CZ BrMZK |
| 005 |
20220201134646.0 |
| 007 |
ta |
| 008 |
930817s1993 xr f cze d |
| 015 |
|
|
|a cnb000078681
|
| 020 |
|
|
|z 80-7171-003-4
|c 28.00
|
| 040 |
|
|
|a BOA001
|b cze
|
| 041 |
1 |
|
|a cze
|h eng
|
| 080 |
|
|
|a 82-312.5=850
|2 MRF
|
| 100 |
1 |
|
|a Stine, R. L.,
|d 1943-
|7 jn20000810286
|4 aut
|
| 245 |
1 |
0 |
|a Letní štvanice /
|c R.L. Stine ; z anglického originálu ... přeložila Daniela Richterová
|
| 250 |
|
|
|a 1. vyd.
|
| 260 |
|
|
|a Praha :
|b Kredit,
|c 1993
|
| 300 |
|
|
|a 231 s.
|
| 490 |
1 |
|
|a Buldok. Stopy hrůzy ;
|v 26
|
| 700 |
1 |
|
|a Richterová, Daniela
|7 ola2006345322
|4 trl
|
| 765 |
0 |
|
|t Party summer
|9 Česky
|
| 830 |
|
0 |
|a Buldok.
|p Stopy hrůzy (Kredit)
|0 s
|
| 910 |
|
|
|a BOA001
|b 1-0991.972
|
| 962 |
|
|
|a 82-31
|
| 990 |
|
|
|a BK
|
| 996 |
6 |
|
|b 2610002114
|c 1-0991.972
|l MZK
|r Sklad / do 1 hodiny
|n 8
|p p.v.
|w 000005766
|u 000010
|a 1
|e BOA001
|j MZK50
|s P
|